[Event "Campeonato España Sub 14"]
[Site "Salobreña"]
[Date "2017.07.22"]
[Round "9"]
[White "Carbonell Sancho, Marc"]
[Black "Rodriguez Ferreiros, Andres"]
[Result "1-0"]
[Board "14"]
[WhiteClock "1:30"]
[WhiteElo "1943"]
[WhiteCountry "ESP"]
[WhiteFideId "32029969"]
[WhiteEloChange "4"]
[BlackClock "1:30"]
[BlackElo "1684"]
[BlackCountry "ESP"]
[BlackFideId "32066201"]
[BlackEloChange "-4"]

1. e4 {[%clk 1:30:00]} e5 {[%clk 1:30:00]} 2. Nf3 {[%clk 1:31:00]} d6 {[%clk
1:30:00]} 3. d4 {[%clk 1:31:00]} Nf6 {[%clk 1:29:00]} 4. dxe5 {[%clk 1:25:00]}
Nxe4 {[%clk 1:28:00]} 5. Bc4 {[%clk 1:25:00]} Nc5 {[%clk 1:06:00]} 6. Ng5 {[%clk
1:14:00]} Ne6 {[%clk 1:04:00]} 7. Bxe6 {[%clk 1:13:00]} Bxe6 {[%clk 1:02:00]} 8.
exd6 {[%clk 1:12:00]} Bxd6 {[%clk 1:01:00]} 9. Nxe6 {[%clk 1:13:00]} fxe6 {[%clk
1:01:00]} 10. Qh5+ {[%clk 1:12:00]} g6 {[%clk 1:02:00]} 11. Qb5+ {[%clk 1:12:00]}
Nd7 {[%clk 0:53:00]} 12. Qxb7 {[%clk 1:11:00]} Rb8 {[%clk 0:52:00]} 13. Qe4
{[%clk 1:11:00]} O-O {[%clk 0:48:00]} 14. O-O {[%clk 1:06:00]} Rb5 {[%clk
0:43:00]} 15. Nc3 {[%clk 1:01:00]} Re5 {[%clk 0:41:00]} 16. Qc4 {[%clk 0:58:00]}
Nb6 {[%clk 0:37:00]} 17. Qd3 {[%clk 0:52:00]} Rxf2 {[%clk 0:18:01]} 18. Rxf2
{[%clk 0:40:00]} Re1+ {[%clk 0:17:53]} 19. Rf1 {[%clk 0:40:00]} Bc5+ {[%clk
0:14:47]} 20. Be3 {[%clk 0:41:00]} Qxd3 {[%clk 0:13:59]} 21. cxd3 {[%clk
0:41:00]} Rxe3 {[%clk 0:14:27]} 22. Kh1 {[%clk 0:41:00]} Rxd3 {[%clk 0:14:41]}
23. Rad1 {[%clk 0:40:00]} Rxd1 {[%clk 0:13:41]} 24. Rxd1 {[%clk 0:40:00]} Nc4
{[%clk 0:14:41]} 25. Rd7 {[%clk 0:39:00]} Nxb2 {[%clk 0:13:03]} 26. Rxc7 {[%clk
0:39:00]} Nd3 {[%clk 0:11:04]} 27. g3 {[%clk 0:38:00]} e5 {[%clk 0:10:15]} 28.
Ne4 {[%clk 0:38:00]} Nf2+ {[%clk 0:10:34]} 29. Nxf2 {[%clk 0:38:00]} Bxf2 {[%clk
0:11:05]} 30. Kg2 {[%clk 0:39:00]} Bd4 {[%clk 0:11:21]} 31. Kf3 {[%clk 0:39:00]}
Kh8 {[%clk 0:11:01]} 32. g4 {[%clk 0:39:00]} Kg8 {[%clk 0:10:41]} 33. Ke4 {[%clk
0:40:00]} Kh8 {[%clk 0:11:01]} 34. a4 {[%clk 0:40:00]} Kg8 {[%clk 0:11:24]} 35.
a5 {[%clk 0:41:00]} Kh8 {[%clk 0:11:47]} 36. a6 {[%clk 0:41:00]} Kg8 {[%clk
0:12:06]} 37. Rd7 {[%clk 0:41:00]} Kh8 {[%clk 0:11:57]} 38. Rxd4 {[%clk 0:40:00]}
exd4 {[%clk 0:12:25]} 39. Kxd4 {[%clk 0:41:00]} Kg7 {[%clk 0:09:46]} 40. Kd5
{[%clk 0:41:00]} Kf6 {[%clk 0:09:07]} 41. Kc6 {[%clk 0:42:00]} Ke6 {[%clk
0:08:49]} 42. Kb7 {[%clk 0:42:00]} Kd7 {[%clk 0:07:53]} 43. Kxa7 {[%clk 0:42:00]}
Kc7 {[%clk 0:07:37]} 44. g5 {[%clk 0:42:00]} 1-0

[Event "Campeonato España Sub 14"]
[Site "Salobreña"]
[Date "2017.07.22"]
[Round "9"]
[White "Ros Alonso, Joana"]
[Black "Bustos Bernardo, Diego"]
[Result "1-0"]
[Board "15"]
[WhiteClock "1:30"]
[WhiteElo "1966"]
[WhiteCountry "ESP"]
[WhiteFideId "32013426"]
[WhiteEloChange "2"]
[BlackClock "1:30"]
[BlackElo "1589"]
[BlackCountry "ESP"]
[BlackFideId "24523372"]
[BlackEloChange "-2"]

1. e4 {[%clk 1:30:00]} e5 {[%clk 1:30:00]} 2. Nc3 {[%clk 1:31:00]} Nc6 {[%clk
1:31:00]} 3. g3 {[%clk 1:31:00]} Bc5 {[%clk 1:31:00]} 4. Bg2 {[%clk 1:31:00]} a6
{[%clk 1:31:00]} 5. Nge2 {[%clk 1:32:00]} d6 {[%clk 1:31:00]} 6. d3 {[%clk
1:31:00]} h5 {[%clk 1:24:00]} 7. h3 {[%clk 1:21:00]} h4 {[%clk 1:19:00]} 8. g4
{[%clk 1:19:00]} Qf6 {[%clk 1:18:00]} 9. f4 {[%clk 1:05:00]} Bxg4 {[%clk
1:09:00]} 10. Nd5 {[%clk 1:01:00]} Qd8 {[%clk 1:08:00]} 11. hxg4 {[%clk 0:55:00]}
h3 {[%clk 1:08:00]} 12. Bxh3 {[%clk 0:46:00]} Nf6 {[%clk 0:55:00]} 13. Nxf6+
{[%clk 0:27:00]} Qxf6 {[%clk 0:55:00]} 14. g5 {[%clk 0:27:00]} Qe7 {[%clk
0:50:00]} 15. f5 {[%clk 0:21:00]} Nd4 {[%clk 0:44:00]} 16. Nxd4 {[%clk 0:20:00]}
Bxd4 {[%clk 0:44:00]} 17. c3 {[%clk 0:19:07]} Ba7 {[%clk 0:44:00]} 18. Qf3 {[%clk
0:17:27]} f6 {[%clk 0:43:00]} 19. gxf6 {[%clk 0:15:43]} Qxf6 {[%clk 0:42:00]} 20.
Be3 {[%clk 0:13:45]} Bxe3 {[%clk 0:41:00]} 21. Qxe3 {[%clk 0:14:06]} O-O-O {[%clk
0:41:00]} 22. O-O-O {[%clk 0:14:14]} Rh6 {[%clk 0:37:00]} 23. Rdg1 {[%clk
0:10:28]} Rdh8 {[%clk 0:36:00]} 24. Rg3 {[%clk 0:09:40]} Kb8 {[%clk 0:34:00]} 25.
Rhg1 {[%clk 0:09:11]} b6 {[%clk 0:33:00]} 26. Bf1 {[%clk 0:09:04]} R8h7 {[%clk
0:31:00]} 27. Rg6 {[%clk 0:05:37]} Qf7 {[%clk 0:28:00]} 28. Kb1 {[%clk 0:04:47]}
Rh2 {[%clk 0:27:00]} 29. Qg3 {[%clk 0:02:38]} Qd7 {[%clk 0:20:00]} 30. Bg2 {[%clk
0:00:35]} Qb5 {[%clk 0:19:35]} 31. c4 {[%clk 0:00:42]} Qc5 {[%clk 0:19:16]} 32.
Bf1 {[%clk 0:00:35]} Qd4 {[%clk 0:17:50]} 33. Rg2 {[%clk 0:01:00]} Rh1 {[%clk
0:17:44]} 34. Qf3 {[%clk 0:01:23]} R7h3 {[%clk 0:15:18]} 35. R6g3 {[%clk
0:01:43]} Rh4 {[%clk 0:14:05]} 36. Rg4 {[%clk 0:00:54]} R4h3 {[%clk 0:13:28]} 37.
R2g3 {[%clk 0:00:46]} R3h2 {[%clk 0:13:44]} 38. Rg2 {[%clk 0:01:07]} Rh3 {[%clk
0:14:08]} 39. R4g3 {[%clk 0:00:59]} Rh4 {[%clk 0:14:02]} 40. Qe2 {[%clk 0:00:52]}
Rf4 {[%clk 0:13:39]} 41. Rf3 {[%clk 0:01:07]} Rh7 {[%clk 0:12:09]} 42. Rxf4
{[%clk 0:01:02]} exf4 {[%clk 0:12:34]} 43. Qf2 {[%clk 0:01:26]} Qe5 {[%clk
0:12:24]} 44. Rg6 {[%clk 0:01:25]} Rh8 {[%clk 0:10:47]} 45. Rg4 {[%clk 0:01:14]}
f3 {[%clk 0:09:00]} 46. Qxf3 {[%clk 0:01:18]} Rh2 {[%clk 0:09:10]} 47. Rg2 {[%clk
0:01:29]} Rh7 {[%clk 0:07:30]} 48. Kc2 {[%clk 0:00:59]} Qa5 {[%clk 0:07:11]} 49.
a3 {[%clk 0:00:47]} Qa4+ {[%clk 0:07:27]} 50. Kc1 {[%clk 0:01:12]} Qb3 {[%clk
0:05:55]} 51. Qd1 {[%clk 0:01:23]} Qa2 {[%clk 0:05:24]} 52. Kc2 {[%clk 0:01:37]}
Kc8 {[%clk 0:03:37]} 53. Qb1 {[%clk 0:02:00]} Qxb1+ {[%clk 0:03:53]} 54. Kxb1
{[%clk 0:02:27]} Rh1 {[%clk 0:04:02]} 55. Rf2 {[%clk 0:02:53]} Kd7 {[%clk
0:04:17]} 56. Kc2 {[%clk 0:03:11]} Ke7 {[%clk 0:04:11]} 57. Be2 {[%clk 0:03:21]}
Rh4 {[%clk 0:04:14]} 58. Rg2 {[%clk 0:03:45]} Kf6 {[%clk 0:04:16]} 59. Rg6+
{[%clk 0:04:02]} Ke5 {[%clk 0:04:26]} 60. Rxg7 {[%clk 0:03:52]} Rh2 {[%clk
0:04:38]} 61. Kd2 {[%clk 0:04:05]} c6 {[%clk 0:04:11]} 62. Ke3 {[%clk 0:03:07]}
d5 {[%clk 0:04:20]} 63. Re7+ {[%clk 0:03:16]} Kf6 {[%clk 0:04:33]} 64. Re6+
{[%clk 0:03:16]} 1-0

[Event "Campeonato España Sub 14"]
[Site "Salobreña"]
[Date "2017.07.22"]
[Round "9"]
[White "Ingunza Curro, Andres"]
[Black "Sempere Domenech, Abel"]
[Result "1-0"]
[Board "16"]
[WhiteClock "1:30"]
[WhiteElo "1992"]
[WhiteCountry "ESP"]
[WhiteFideId "24526371"]
[WhiteEloChange "4"]
[BlackClock "1:30"]
[BlackElo "1723"]
[BlackCountry "ESP"]
[BlackFideId "24508470"]
[BlackEloChange "-4"]

1. e4 {[%clk 1:30:00]} c5 {[%clk 1:30:00]} 2. Nf3 {[%clk 1:31:00]} g6 {[%clk
1:31:00]} 3. d4 {[%clk 1:31:00]} cxd4 {[%clk 1:31:00]} 4. Nxd4 {[%clk 1:31:00]}
Bg7 {[%clk 1:31:00]} 5. c4 {[%clk 1:31:00]} Nc6 {[%clk 1:31:00]} 6. Be3 {[%clk
1:31:00]} Nf6 {[%clk 1:31:00]} 7. Nc3 {[%clk 1:31:00]} O-O {[%clk 1:31:00]} 8.
Be2 {[%clk 1:32:00]} d6 {[%clk 1:30:00]} 9. O-O {[%clk 1:32:00]} Bd7 {[%clk
1:30:00]} 10. Qd2 {[%clk 1:32:00]} Nxd4 {[%clk 1:30:00]} 11. Bxd4 {[%clk
1:33:00]} Bc6 {[%clk 1:30:00]} 12. f3 {[%clk 1:33:00]} a5 {[%clk 1:30:00]} 13. b3
{[%clk 1:32:00]} Nd7 {[%clk 1:29:00]} 14. Be3 {[%clk 1:31:00]} Nc5 {[%clk
1:27:00]} 15. Rac1 {[%clk 1:30:00]} Be5 {[%clk 1:23:00]} 16. Rfd1 {[%clk
1:22:00]} e6 {[%clk 1:17:00]} 17. Bf1 {[%clk 1:18:00]} Qe7 {[%clk 1:10:00]} 18.
Bf4 {[%clk 1:05:00]} Rfd8 {[%clk 1:08:00]} 19. Qe3 {[%clk 0:56:00]} b6 {[%clk
1:03:00]} 20. Rc2 {[%clk 0:46:00]} Qh4 {[%clk 0:51:00]} 21. Bxe5 {[%clk 0:43:00]}
dxe5 {[%clk 0:51:00]} 22. Rcd2 {[%clk 0:42:00]} Qe7 {[%clk 0:47:00]} 23. h3
{[%clk 0:32:00]} Rxd2 {[%clk 0:43:00]} 24. Qxd2 {[%clk 0:30:00]} Ra7 {[%clk
0:41:00]} 25. Qd6 {[%clk 0:25:00]} Qxd6 {[%clk 0:40:00]} 26. Rxd6 {[%clk
0:26:00]} Rc7 {[%clk 0:40:00]} 27. Kf2 {[%clk 0:25:00]} Kf8 {[%clk 0:40:00]} 28.
Ke3 {[%clk 0:23:00]} Ke7 {[%clk 0:40:00]} 29. Rd2 {[%clk 0:22:00]} Rd7 {[%clk
0:39:00]} 30. Rxd7+ {[%clk 0:22:00]} Kxd7 {[%clk 0:40:00]} 31. g3 {[%clk
0:22:00]} f5 {[%clk 0:38:00]} 32. g4 {[%clk 0:19:23]} f4+ {[%clk 0:36:00]} 33.
Kd2 {[%clk 0:19:18]} g5 {[%clk 0:36:00]} 34. Kc2 {[%clk 0:19:35]} Na6 {[%clk
0:33:00]} 35. a3 {[%clk 0:19:16]} Kd6 {[%clk 0:34:00]} 36. Na2 {[%clk 0:18:52]}
Bd7 {[%clk 0:28:00]} 37. Kc3 {[%clk 0:17:29]} Nb8 {[%clk 0:27:00]} 38. Be2 {[%clk
0:11:43]} Nc6 {[%clk 0:27:00]} 39. b4 {[%clk 0:11:04]} Nd4 {[%clk 0:28:00]} 40.
Bd1 {[%clk 0:11:17]} axb4+ {[%clk 0:25:00]} 41. axb4 {[%clk 0:11:16]} b5 {[%clk
0:25:00]} 42. c5+ {[%clk 0:06:16]} Kc7 {[%clk 0:25:00]} 43. Nc1 {[%clk 0:06:32]}
Bc6 {[%clk 0:25:00]} 44. Nd3 {[%clk 0:05:57]} Be8 {[%clk 0:22:00]} 45. Nxe5
{[%clk 0:06:05]} Nc6 {[%clk 0:22:00]} 46. Nxc6 {[%clk 0:06:26]} Kxc6 {[%clk
0:21:00]} 47. Kd4 {[%clk 0:06:40]} Bf7 {[%clk 0:21:00]} 48. Ke5 {[%clk 0:06:40]}
1-0

[Event "Campeonato España Sub 14"]
[Site "Salobreña"]
[Date "2017.07.22"]
[Round "9"]
[White "Sanabria Taskila, Jenny Maria"]
[Black "Riu Lopez, Sergi"]
[Result "1-0"]
[Board "17"]
[WhiteClock "1:30"]
[WhiteElo "1674"]
[WhiteCountry "ESP"]
[WhiteFideId "32066139"]
[WhiteEloChange "17"]
[BlackClock "1:30"]
[BlackElo "1982"]
[BlackCountry "ESP"]
[BlackFideId "32087047"]
[BlackEloChange "-17"]

1. e4 {[%clk 1:30:00]} c5 {[%clk 1:30:00]} 2. Nf3 {[%clk 1:31:00]} Nc6 {[%clk
1:31:00]} 3. d4 {[%clk 1:31:00]} cxd4 {[%clk 1:31:00]} 4. Nxd4 {[%clk 1:31:00]}
g6 {[%clk 1:32:00]} 5. c4 {[%clk 1:32:00]} Bg7 {[%clk 1:32:00]} 6. Be3 {[%clk
1:32:00]} Nf6 {[%clk 1:32:00]} 7. Nc3 {[%clk 1:32:00]} O-O {[%clk 1:33:00]} 8.
Be2 {[%clk 1:32:00]} d6 {[%clk 1:33:00]} 9. O-O {[%clk 1:31:00]} Bd7 {[%clk
1:33:00]} 10. Qd2 {[%clk 1:31:00]} Nxd4 {[%clk 1:33:00]} 11. Bxd4 {[%clk
1:31:00]} Bc6 {[%clk 1:33:00]} 12. f3 {[%clk 1:31:00]} a5 {[%clk 1:31:00]} 13. b3
{[%clk 1:30:00]} Nd7 {[%clk 1:31:00]} 14. Be3 {[%clk 1:30:00]} Nc5 {[%clk
1:25:00]} 15. Rab1 {[%clk 1:28:00]} Re8 {[%clk 1:21:00]} 16. Rfd1 {[%clk
1:24:00]} Be5 {[%clk 1:17:00]} 17. Bd4 {[%clk 1:19:00]} e6 {[%clk 1:15:00]} 18.
Qe3 {[%clk 1:17:00]} Qe7 {[%clk 1:13:00]} 19. Rd2 {[%clk 1:12:00]} b6 {[%clk
1:05:00]} 20. Rbd1 {[%clk 1:02:00]} Rad8 {[%clk 1:04:00]} 21. Bf1 {[%clk
0:53:00]} Qc7 {[%clk 0:40:00]} 22. Qg5 {[%clk 0:45:00]} f6 {[%clk 0:28:00]} 23.
Qe3 {[%clk 0:41:00]} Bxd4 {[%clk 0:19:31]} 24. Qxd4 {[%clk 0:36:00]} e5 {[%clk
0:19:52]} 25. Qf2 {[%clk 0:34:00]} Ne6 {[%clk 0:20:00]} 26. Nd5 {[%clk 0:29:00]}
Bxd5 {[%clk 0:20:00]} 27. exd5 {[%clk 0:29:00]} Nd4 {[%clk 0:20:00]} 28. Bd3
{[%clk 0:28:00]} Qf7 {[%clk 0:15:17]} 29. Rf1 {[%clk 0:26:00]} Rf8 {[%clk
0:14:01]} 30. f4 {[%clk 0:23:00]} f5 {[%clk 0:11:50]} 31. Qe3 {[%clk 0:20:00]}
Rfe8 {[%clk 0:10:45]} 32. g4 {[%clk 0:17:37]} Qg7 {[%clk 0:09:07]} 33. gxf5
{[%clk 0:15:58]} e4 {[%clk 0:06:29]} 34. Bxe4 {[%clk 0:15:12]} Nxf5 {[%clk
0:06:50]} 35. Qd3 {[%clk 0:12:54]} Rf8 {[%clk 0:06:40]} 36. Bxf5 {[%clk 0:11:49]}
Rxf5 {[%clk 0:07:06]} 37. Qd4 {[%clk 0:11:25]} Qc7 {[%clk 0:06:32]} 38. Re2
{[%clk 0:11:00]} Rdf8 {[%clk 0:06:43]} 39. Qe3 {[%clk 0:07:15]} Qf7 {[%clk
0:05:35]} 40. Qe6 {[%clk 0:06:15]} Re8 {[%clk 0:03:04]} 41. Qxe8+ {[%clk
0:06:12]} Qxe8 {[%clk 0:03:25]} 42. Rxe8+ {[%clk 0:06:12]} 1-0

[Event "Campeonato España Sub 14"]
[Site "Salobreña"]
[Date "2017.07.22"]
[Round "9"]
[White "Soto Martin, Miguel"]
[Black "Castro Quijano, Eduardo"]
[Result "0-1"]
[Board "18"]
[WhiteClock "1:30"]
[WhiteElo "1881"]
[WhiteCountry "ESP"]
[WhiteFideId "32035195"]
[WhiteEloChange "-15"]
[BlackClock "1:30"]
[BlackElo "1702"]
[BlackCountry "ESP"]
[BlackFideId "24507407"]
[BlackEloChange "15"]

1. d4 {[%clk 1:30:00]} g6 {[%clk 1:30:00]} 2. g3 {[%clk 1:31:00]} Bg7 {[%clk
1:31:00]} 3. Bg2 {[%clk 1:31:00]} d6 {[%clk 1:31:00]} 4. Nf3 {[%clk 1:31:00]} Nf6
{[%clk 1:31:00]} 5. O-O {[%clk 1:32:00]} O-O {[%clk 1:31:00]} 6. a4 {[%clk
1:32:00]} a5 {[%clk 1:31:00]} 7. b3 {[%clk 1:32:00]} Nc6 {[%clk 1:31:00]} 8. Bb2
{[%clk 1:33:00]} Qe8 {[%clk 1:31:00]} 9. Na3 {[%clk 1:31:00]} Bd7 {[%clk
1:29:00]} 10. Nc4 {[%clk 1:29:00]} Nh5 {[%clk 1:27:00]} 11. e4 {[%clk 1:26:00]}
f5 {[%clk 1:26:00]} 12. e5 {[%clk 1:12:00]} d5 {[%clk 1:25:00]} 13. Ne3 {[%clk
1:13:00]} e6 {[%clk 1:25:00]} 14. Ba3 {[%clk 1:11:00]} Ne7 {[%clk 1:24:00]} 15.
c4 {[%clk 1:11:00]} c6 {[%clk 1:24:00]} 16. cxd5 {[%clk 1:11:00]} exd5 {[%clk
1:23:00]} 17. Qe1 {[%clk 0:50:00]} h6 {[%clk 1:22:00]} 18. Bd6 {[%clk 0:46:00]}
b6 {[%clk 1:21:00]} 19. b4 {[%clk 0:46:00]} Rf7 {[%clk 1:21:00]} 20. Bc7 {[%clk
0:42:00]} Nc8 {[%clk 1:22:00]} 21. bxa5 {[%clk 0:42:00]} bxa5 {[%clk 1:19:00]}
22. Bxa5 {[%clk 0:42:00]} f4 {[%clk 1:19:00]} 23. Nd1 {[%clk 0:42:00]} Be6 {[%clk
1:19:00]} 24. Bb4 {[%clk 0:35:00]} Qd7 {[%clk 1:20:00]} 25. h4 {[%clk 0:32:00]}
Bf8 {[%clk 1:18:00]} 26. Kh2 {[%clk 0:30:00]} Rh7 {[%clk 1:15:00]} 27. Bxf8
{[%clk 0:27:00]} Kxf8 {[%clk 1:15:00]} 28. Rh1 {[%clk 0:21:00]} Bg4 {[%clk
1:13:00]} 29. Ng1 {[%clk 0:18:50]} g5 {[%clk 1:13:00]} 30. Bh3 {[%clk 0:19:06]}
Bxh3 {[%clk 1:12:00]} 31. Nxh3 {[%clk 0:19:27]} gxh4 {[%clk 1:12:00]} 32. gxh4
{[%clk 0:19:47]} f3 {[%clk 1:07:00]} 33. Qc3 {[%clk 0:15:07]} Qf5 {[%clk
1:02:00]} 34. Ne3 {[%clk 0:12:49]} Qe6 {[%clk 1:00:00]} 35. Rhc1 {[%clk 0:11:48]}
Ne7 {[%clk 1:00:00]} 36. Rg1 {[%clk 0:11:16]} Kf7 {[%clk 1:00:00]} 37. Qd3 {[%clk
0:11:18]} Qxh3+ {[%clk 1:00:00]} 38. Kxh3 {[%clk 0:11:41]} Nf4+ {[%clk 1:01:00]}
39. Kg3 {[%clk 0:11:55]} Nxd3 {[%clk 1:01:00]} 40. Kxf3 {[%clk 0:12:19]} Ke6
{[%clk 1:01:00]} 41. Ke2 {[%clk 0:11:48]} Nf4+ {[%clk 1:00:00]} 42. Kd2 {[%clk
0:12:02]} Nf5 {[%clk 1:00:00]} 43. Rg4 {[%clk 0:11:23]} Nxd4 {[%clk 1:00:00]} 44.
Rxf4 {[%clk 0:10:50]} Nb3+ {[%clk 1:00:00]} 45. Kc2 {[%clk 0:11:10]} Nxa1+ {[%clk
1:00:00]} 46. Kb2 {[%clk 0:11:36]} Kxe5 {[%clk 1:01:00]} 47. Rb4 {[%clk 0:11:14]}
Rha7 {[%clk 1:01:00]} 48. Kxa1 {[%clk 0:11:23]} Rxa4+ {[%clk 1:01:00]} 49. Rxa4
{[%clk 0:11:41]} Rxa4+ {[%clk 1:01:00]} 0-1

[Event "Campeonato España Sub 14"]
[Site "Salobreña"]
[Date "2017.07.22"]
[Round "9"]
[White "Guillermo Gonzalez, Alvaro"]
[Black "Amador Garcia, Ismael"]
[Result "1/2-1/2"]
[Board "19"]
[WhiteClock "1:30"]
[WhiteElo "1700"]
[WhiteCountry "ESP"]
[WhiteFideId "24558885"]
[WhiteEloChange "5"]
[BlackClock "1:30"]
[BlackElo "1877"]
[BlackCountry "ESP"]
[BlackFideId "32040920"]
[BlackEloChange "-5"]

1. e4 {[%clk 1:30:00]} c5 {[%clk 1:30:00]} 2. Nf3 {[%clk 1:31:00]} d6 {[%clk
1:31:00]} 3. d4 {[%clk 1:31:00]} cxd4 {[%clk 1:31:00]} 4. Nxd4 {[%clk 1:32:00]}
Nf6 {[%clk 1:32:00]} 5. Nc3 {[%clk 1:32:00]} g6 {[%clk 1:32:00]} 6. Be3 {[%clk
1:32:00]} Bg7 {[%clk 1:32:00]} 7. f3 {[%clk 1:33:00]} a6 {[%clk 1:33:00]} 8. Qd2
{[%clk 1:32:00]} h5 {[%clk 1:32:00]} 9. Bc4 {[%clk 1:25:00]} Nbd7 {[%clk
1:27:00]} 10. O-O-O {[%clk 1:23:00]} b5 {[%clk 1:27:00]} 11. Bb3 {[%clk 1:18:00]}
Bb7 {[%clk 1:24:00]} 12. Rhe1 {[%clk 1:14:00]} Rc8 {[%clk 1:23:00]} 13. Nde2
{[%clk 1:01:00]} O-O {[%clk 1:15:00]} 14. Nf4 {[%clk 0:58:00]} Ne5 {[%clk
1:10:00]} 15. Nfd5 {[%clk 0:54:00]} Nc4 {[%clk 1:07:00]} 16. Bxc4 {[%clk
0:54:00]} Rxc4 {[%clk 1:05:00]} 17. Bh6 {[%clk 0:37:00]} Nd7 {[%clk 0:59:00]} 18.
Bxg7 {[%clk 0:37:00]} Kxg7 {[%clk 0:59:00]} 19. Ne3 {[%clk 0:36:00]} Rc5 {[%clk
0:54:00]} 20. Nf5+ {[%clk 0:36:00]} gxf5 {[%clk 0:54:00]} 21. Qg5+ {[%clk
0:36:00]} Kh7 {[%clk 0:54:00]} 22. Qxh5+ {[%clk 0:37:00]} Kg7 {[%clk 0:54:00]}
23. Qg5+ {[%clk 0:29:00]} Kh7 {[%clk 0:54:00]} 24. Qh5+ {[%clk 0:28:00]} Kg7
{[%clk 0:54:00]} 25. Qg5+ {[%clk 0:28:00]} Kh7 {[%clk 0:54:00]} 26. Qh5+ {[%clk
0:28:00]} 1/2-1/2

[Event "Campeonato España Sub 14"]
[Site "Salobreña"]
[Date "2017.07.22"]
[Round "9"]
[White "Andrade Sandoval, Bianca"]
[Black "Canavate Ros, Adrian"]
[Result "1/2-1/2"]
[Board "20"]
[WhiteClock "1:30"]
[WhiteElo "1857"]
[WhiteCountry "ESP"]
[WhiteFideId "32084609"]
[WhiteEloChange "-4"]
[BlackClock "1:30"]
[BlackElo "1702"]
[BlackCountry "ESP"]
[BlackFideId "32070543"]
[BlackEloChange "4"]

1. d4 {[%clk 1:30:00]} Nf6 {[%clk 1:30:00]} 2. Nf3 {[%clk 1:31:00]} g6 {[%clk
1:29:00]} 3. c4 {[%clk 1:31:00]} Bg7 {[%clk 1:29:00]} 4. Nc3 {[%clk 1:31:00]} d6
{[%clk 1:28:00]} 5. e4 {[%clk 1:31:00]} O-O {[%clk 1:27:00]} 6. Bg5 {[%clk
1:31:00]} Nbd7 {[%clk 1:26:00]} 7. Be2 {[%clk 1:31:00]} Re8 {[%clk 1:25:00]} 8.
O-O {[%clk 1:31:00]} e5 {[%clk 1:23:00]} 9. d5 {[%clk 1:31:00]} Nf8 {[%clk
1:21:00]} 10. h3 {[%clk 1:29:00]} h6 {[%clk 1:19:00]} 11. Bh4 {[%clk 1:29:00]} g5
{[%clk 1:18:00]} 12. Bg3 {[%clk 1:29:00]} Ng6 {[%clk 1:17:00]} 13. Nd2 {[%clk
1:18:00]} Nh7 {[%clk 1:12:00]} 14. Bg4 {[%clk 1:17:00]} Rf8 {[%clk 1:10:00]} 15.
Qc2 {[%clk 1:10:00]} Bxg4 {[%clk 1:06:00]} 16. hxg4 {[%clk 1:10:00]} Qd7 {[%clk
1:06:00]} 17. f3 {[%clk 1:10:00]} Nf6 {[%clk 1:05:00]} 18. Kf2 {[%clk 1:04:00]}
h5 {[%clk 1:03:00]} 19. gxh5 {[%clk 1:04:00]} Nxh5 {[%clk 1:03:00]} 20. Ne2
{[%clk 1:00:00]} Nhf4 {[%clk 0:51:00]} 21. Rh1 {[%clk 0:57:00]} Nxe2 {[%clk
0:48:00]} 22. Kxe2 {[%clk 0:57:00]} g4 {[%clk 0:48:00]} 23. Raf1 {[%clk 0:46:00]}
gxf3+ {[%clk 0:46:00]} 24. gxf3 {[%clk 0:46:00]} f5 {[%clk 0:45:00]} 25. Rfg1
{[%clk 0:40:00]} fxe4 {[%clk 0:42:00]} 26. Nxe4 {[%clk 0:39:00]} Qf5 {[%clk
0:42:00]} 27. Qd3 {[%clk 0:39:00]} Rf7 {[%clk 0:41:00]} 28. Rg2 {[%clk 0:28:00]}
Raf8 {[%clk 0:38:00]} 29. Rf2 {[%clk 0:28:00]} Bf6 {[%clk 0:31:00]} 30. Rg1
{[%clk 0:18:45]} Rg7 {[%clk 0:31:00]} 31. Rfg2 {[%clk 0:18:04]} Rff7 {[%clk
0:28:00]} 32. Qe3 {[%clk 0:07:12]} Be7 {[%clk 0:22:00]} 33. Qd3 {[%clk 0:02:44]}
Bf8 {[%clk 0:20:00]} 34. Qe3 {[%clk 0:02:28]} Be7 {[%clk 0:21:00]} 35. Qd3 {[%clk
0:02:06]} Bf8 {[%clk 0:20:00]} 36. Qe3 {[%clk 0:02:06]} 1/2-1/2

[Event "Campeonato España Sub 14"]
[Site "Salobreña"]
[Date "2017.07.22"]
[Round "9"]
[White "Gonzalez Guedes, Iyan"]
[Black "Martinez Aragon, Aitor"]
[Result "1-0"]
[Board "21"]
[WhiteClock "n/a"]
[WhiteElo "1853"]
[WhiteCountry "ESP"]
[WhiteFideId "24524131"]
[WhiteEloChange "5"]
[BlackClock "n/a"]
[BlackElo "1667"]
[BlackCountry "ESP"]
[BlackFideId "24563900"]
[BlackEloChange "-5"]

1. e4 {[%clk 1:30:30]} c5 {[%clk 1:30:30]} 2. Nf3 {[%clk 1:30:30]} e6 {[%clk
1:30:30]} 3. c3 {[%clk 1:30:30]} Nf6 {[%clk 1:30:30]} 4. e5 {[%clk 1:30:30]} Nd5
{[%clk 1:30:30]} 5. d4 {[%clk 1:30:30]} cxd4 {[%clk 1:30:30]} 6. cxd4 {[%clk
1:30:30]} d6 {[%clk 1:30:30]} 7. a3 {[%clk 1:30:30]} Be7 {[%clk 1:30:30]} 8. Bd3
{[%clk 1:30:30]} Nc6 {[%clk 1:30:30]} 9. O-O {[%clk 1:30:30]} O-O {[%clk
1:30:30]} 10. exd6 {[%clk 1:30:30]} Qxd6 {[%clk 1:30:30]} 11. Nc3 {[%clk
1:30:30]} Nxc3 {[%clk 1:30:30]} 12. bxc3 {[%clk 1:30:30]} Bf6 {[%clk 1:30:30]}
13. Ng5 {[%clk 1:30:30]} g6 {[%clk 1:30:30]} 14. Ne4 {[%clk 1:30:30]} Qe7 {[%clk
1:30:30]} 15. Nxf6+ {[%clk 1:30:30]} Qxf6 {[%clk 1:30:30]} 16. Bh6 {[%clk
1:30:30]} Re8 {[%clk 1:30:30]} 17. f4 {[%clk 1:30:30]} Ne7 {[%clk 1:30:30]} 18.
Qa4 {[%clk 1:30:30]} Nc6 {[%clk 1:30:30]} 19. Rae1 {[%clk 1:30:30]} Bd7 {[%clk
1:30:30]} 20. Qd1 {[%clk 1:30:30]} Ne7 {[%clk 1:30:30]} 21. g4 {[%clk 1:30:30]}
Nd5 {[%clk 1:30:30]} 22. Qd2 {[%clk 1:30:30]} Rac8 {[%clk 1:30:30]} 23. f5 {[%clk
1:30:30]} Rxc3 {[%clk 1:30:30]} 24. Be4 {[%clk 1:30:30]} gxf5 {[%clk 1:30:30]}
25. g5 {[%clk 1:30:30]} Qg6 {[%clk 1:30:30]} 26. Bxd5 {[%clk 1:30:30]} Rec8
{[%clk 1:30:30]} 27. Bxb7 {[%clk 1:30:30]} Rc2 {[%clk 1:30:30]} 28. Qf4 {[%clk
1:30:30]} Bc6 {[%clk 1:30:30]} 29. Bxc6 {[%clk 1:30:30]} R8xc6 {[%clk 1:30:30]}
30. d5 {[%clk 1:30:30]} R2c4 {[%clk 1:30:30]} 31. Qxf5 {[%clk 1:30:30]} Qxf5
{[%clk 1:30:30]} 32. Rxf5 {[%clk 1:30:30]} Rc8 {[%clk 1:30:30]} 33. dxe6 {[%clk
1:30:30]} fxe6 {[%clk 1:30:30]} 34. Rxe6 {[%clk 1:30:30]} a5 {[%clk 1:30:30]} 35.
Ref6 {[%clk 1:30:30]} Rc1+ {[%clk 1:30:30]} 36. Kg2 {[%clk 1:30:30]} R1c2+ {[%clk
1:30:30]} 37. Kg3 {[%clk 1:30:30]} 1-0